LEADER 00836nam0-22002891i-450 001 990005507660403321 005 20181212124225.0 035 $a000550766 100 $a19990604d19671964km-y0itay50------ba 101 0 $aeng 102 $aGB 105 $ay-------001yy 200 1 $aRuskin Today$fchosen and annotated by Kenneth Clark 210 $aHarmondsworth$cPenguin Books$d1967, c1964 215 $aXIX, 363 p.$d20 cm 225 1 $aPeregrine Books$v38 610 0 $aRuskin, John$aScritti$aAntologie 676 $a720.942$v21$zita 700 1$aRuskin,$bJohn$f<1819-1900>$011255 702 1$aClark,$bKenneth$f<1903-1983> 801 0$aIT$bUNINA$gRICA$2UNIMARC 901 $aBK 912 $a990005507660403321 952 $a720.942 RUS 3$bST.ARTE 10959$fFLFBC 959 $aFLFBC 996 $aRuskin today$9485885 997 $aUNINA LEADER 00684nam a2200229 i 4500 001 991004280038307536 005 20230608105824.0 008 230608s1989 it ||| | ita 020 $a9788845904288 040 $aBibl. Dip.le Aggr. Scienze Economia - Sez. Settore Economico 082 04$a111.6 100 1 $aZellini, Paolo$055298 245 10$aBreve storia dell'infinito /$cPaolo Zellini 250 $a3. ed 260 $aMilano :$bAdelphi,$c1989 300 $a257 p. ;$c22 cm 490 1 $aSaggi ;$v11 650 4$aInfinito (Filosofia) 650 4$aOntologia$xFinito e infinito 912 $a991004280038307536 996 $aBreve storia dell'infinito$9346912 997 $aUNISALENTO